[Event "Moscow op-F 13th"]
[Site "Moscow"]
[Date "2017.01.31"]
[Round "5"]
[White "Semenov, Grigoriy"]
[Black "Ivlev, Aleksey"]
[Result "0-1"]
[WhiteElo "1826"]
[BlackElo "2259"]
[PlyCount "76"]
[EventDate "2017.01.27"]
[EventType "swiss"]
[EventRounds "9"]
[EventCountry "RUS"]
[SourceTitle "CBM 176 Extra"]
[Source "ChessBase"]
[SourceDate "2017.03.02"]
[SourceVersion "1"]
[SourceVersionDate "2017.03.02"]
[SourceQuality "1"]

1. e4 c5 2. c3 d5 3. exd5 Qxd5 4. d4 Nf6 5. Nf3 Nc6 6. Be2 e6 7. dxc5 Qxd1+ 8. Bxd1 Bxc5 9. Bc2 0-0 10. 0-0 b6 11. Nbd2 Ba6 12. Re1 Rac8 13. Ne4 Be7 14. Nxf6+ Bxf6 15. Bg5 Nb4 16. Be4 Nd3 17. Bxd3 Bxd3 18. Bxf6 gxf6 19. Rad1 Rfd8 20. Nd4 Ba6 21. Nf3 Bb7 22. Rxd8+ Rxd8 23. Kf1 Ba6+ 24. Kg1 Kg7 25. a4 Bc4 26. b4 e5 27. h3 Rd3 28. Re3 Rd5 29. Nh4 Rd1+ 30. Kh2 Ra1 31. Rg3+ Kf8 32. Nf5 Rxa4 33. Re3 Ra2 34. Kg3 Rd2 35. Re1 Rd3+ 36. Re3 a5 37. f3 a4 38. Re1 Be6 0-1